| 000 -LEADER |
| fixed length control field |
00816nam a22001937a 4500 |
| 003 - CONTROL NUMBER IDENTIFIER |
| control field |
OSt |
| 005 - DATE AND TIME OF LATEST TRANSACTION |
| control field |
20260128093240.0 |
| 008 - FIXED-LENGTH DATA ELEMENTS--GENERAL INFORMATION |
| fixed length control field |
230321b ||||| |||| 00| 0 eng d |
| 040 ## - CATALOGING SOURCE |
| Transcribing agency |
Ost |
| 041 ## - LANGUAGE CODE |
| Language code of text/sound track or separate title |
Shan |
| 082 ## - DEWEY DECIMAL CLASSIFICATION NUMBER |
| Classification number |
001.01 |
| 245 ## - TITLE STATEMENT |
| Title |
ပပ်ႉဢွၼ်ႇလီႁဵၼ်းႁူႉ။ |
| Statement of responsibility, etc. |
လုင်းၸၢႆးၾႃႈ ၵဵပ်းႁွမ်တႅမ်ႈ- |
| 300 ## - PHYSICAL DESCRIPTION |
| Extent |
59 ၼႃႈ |
| Other physical details |
ႁၢင်ႈ |
| Dimensions |
21 ၸိၼ်ႇထီႉ |
| 500 ## - GENERAL NOTE |
| General note |
မၢႆ 2487 ပဵၼ်ပပ်ႉၸဝ်ႈတႃႇၼႁင်းၶေႃ တွၵ်ႉတိူဝ်ႇၸၢႆးဢွင်ႇထုၼ်း |
|
| General note |
S-SAT: Dr. Prof Sai Aung Tun |
| 650 ## - SUBJECT ADDED ENTRY--TOPICAL TERM |
| Topical term or geographic name entry element |
ပႁုသုတ (တၢင်းႁူႉၵူႈလွင်ႈလွင်ႈ) |
| 942 ## - ADDED ENTRY ELEMENTS (KOHA) |
| Koha item type |
Books (Long term) |
|
| Source of classification or shelving scheme |
|